Statistics for League of Legends Characters by Ultimates

Click here to take the quiz!

General Stats

  • This quiz has been taken 11,996 times
  • The average score is 11 of 15

Answer Stats

HintAnswer% Correct
Attracts a shark via a little fishyFizz
99%
Fires a frozen arrow that stuns you in placeAshe
96%
Summons a blockade of soldiersAzir
94%
Roundhouse kick that launches the enemy backwardsLee Sin
91%
Absorbs her ally and fires them towards the enemy, knocking them upKalista
83%
Rapidly spins, knocking up the champions he collides withWukong
77%
Dashes and slices enemies in mid-airYasuo
75%
Steals your soul to fight for himMordekaiser
72%
Doubles their size, increasing health and damageNasus
63%
Summons a spectral box that slows the enemyThresh
62%
Fires 3 aimed shots from his chestXerath
61%
Becomes invincible for a few momentsTryndamere
56%
Freezes the enemy, and moves them at willSkarner
46%
Fires a large cannonball that damages all in it's pathGraves
42%
Screeches globally and dashes to a locationRek'Sai
39%

Score Distribution

Percentile by Number Answered

Percent of People with Each Score

Your Score History

You have not taken this quiz